000 00767nam a22002537a 4500
003 UA-OsUOA
001 114649
007 ta
008 20151116b un ||||| |||| 00| 0 ukr d
100 _aЛисенко С.Д.
700 _aШкляревський Є.І.
700 _aРазумов С.М.
700 _aмакарович П.К
090 _a902
_bЛ-78
942 _cSA
040 _aUA-OsUOA
_bfre
_cUA-OsUOA
_dUA-OsUOA
245 _aКурганний могильник комарівської культури біля с. Буківка
300 _aС.58-78
955 _a0
041 _afre
080 _a902
773 0 _w114643
_tАрхеологія
_dК.
_d2015
_g3
650 7 _a9 Географія. Біографії. Історія
_2UDC
999 _c400794
_d400794